[Event "Olympiad-31"]
[Site "Moscow"]
[Date "1994.12.08"]
[Round "7.1"]
[White "Nikolic, Predrag"]
[Black "Timman, Jan H"]
[Result "1-0"]
[WhiteElo "2655"]
[BlackElo "2635"]
[Annotator "Moiseev,V"]
[PlyCount "73"]
[EventDate "1994.12.01"]
[EventType "team-swiss"]
[EventRounds "14"]
[EventCountry "RUS"]
[SourceTitle "CBM 045"]
[Source "ChessBase"]
[SourceDate "1995.04.01"]
[SourceVersion "1"]
[SourceVersionDate "1995.04.01"]
[SourceQuality "1"]
[WhiteTeam "Bosnia&Herzegovina"]
[BlackTeam "Netherlands"]
[WhiteTeamCountry "BIH"]
[BlackTeamCountry "NED"]

1. d4 {Ftacnik} Nf6 2. c4 g6 3. Nf3 Bg7 4. g3 O-O 5. Bg2 c6 6. O-O d5 7. b3 Ne4
(7... a5 8. Nc3 Ne4 9. Bb2 Nxc3 10. Bxc3 Nd7 11. e3 Nf6 12. Ne5 Qb6 13. f3 Nd7
14. c5 Qc7 15. Nxd7 Bxd7 16. f4 {Nikolic,Pr-Gelfand,B/Zurich/1994/0,5/16/}) 8.
Bb2 Bf5 9. e3 (9. Ne5 Nd7 10. Nd3 dxc4 $1 11. bxc4 Nb6 $13 {Nikolic,Pr-Sokolov,
I/Belgrade/1991/0,5/27/} (11... Nb6 {Ftacnik} 12. g4 Nxc4 13. gxf5 Nxb2 14.
Nxb2 Qxd4 15. Qxd4 Bxd4 16. Bxe4 Bxb2 $15 {Timman,J-Sokolov,I/Belgrad/1991/}))
(9. Na3 $5 {Malaniuk}) 9... Nd7 10. Qe2 Qa5 (10... a5 11. Nh4 Be6 12. f3 Nd6
13. c5 Nb5 14. a4 $13 {Nikolic,Pr-Smirin,I/Elenite/1993/0,5/49/}) 11. Rc1 Rfe8
(11... Rac8 $5 {Ftacnik}) 12. Nc3 Nxc3 (12... e5 $5 {Ftacnik} 13. cxd5 (13.
dxe5 Nxe5 14. Nd4 Bg4 15. f3 Nxf3+ 16. Bxf3 $1 (16. Nxf3 Nxc3 17. Qd2 Bxf3 18.
Bxf3 d4 $17) 16... Bxd4 17. exd4 Nxc3 (17... Ng5 18. Bxg4 Rxe2 19. Bxe2 $16)
18. Bxc3 Rxe2 19. Bxe2 Qa6 20. Bxg4 $16) 13... exd4 14. Nxd4 (14. Nxe4 $2 d3 $1
) 14... Bxd4 15. exd4 Nxg3 (15... Nxc3 16. Bxc3 Rxe2 17. Bxa5 $16) (15... cxd5
16. Qb5 $16) 16. Qd1 Ne4 17. dxc6 bxc6 18. d5 $36) 13. Bxc3 Qa6 14. Bf1 dxc4
15. e4 $5 (15. bxc4 {Ftacnik} e5 $1 $132) 15... Bg4 16. h3 Bxf3 17. Qxf3 $14 e6
(17... b5 18. a4 (18. bxc4 $5 bxc4 19. a4) 18... Qb7 19. axb5 cxb5 (19... cxb3
20. Bc4 $1 e6 (20... Nf6 $2 21. e5 $18) 21. bxc6 Qxc6 22. Bxb3 $16) 20. bxc4 b4
21. Rab1 a5 22. c5 $14) 18. a4 $5 (18. Bxc4 {Ftacnik} b5 19. Bf1 Qb6 $132) (18.
bxc4 {Ftacnik} c5 $1) 18... Qb6 19. a5 Qd8 (19... Qxb3 $4 20. Rcb1 Qc2 21. Rb2
$18) 20. Bxc4 b5 21. axb6 (21. Bf1 b4 $5 22. Bb2 c5 $13 23. Rd1 $2 cxd4 24.
Bxd4 Bxd4 25. Rxd4 Ne5 $1 $19 26. Qe3 Qxd4 $19) 21... axb6 (21... Nxb6 $5) 22.
e5 Rxa1 (22... c5 {Ftacnik} 23. Bb5 Rxa1 24. Rxa1 cxd4 25. Bxd4 Nxe5 $2 26.
Bxe5 Bxe5 27. Bxe8 Bxa1 28. Qxf7+ Kh8 29. Qf8#) 23. Bxa1 Bh6 24. Rc2 Qa8 25.
Bb2 Rc8 26. Kg2 (26. Bd3 $142 $1 {/\ 26...b5 27 Be4+/-}) 26... b5 27. Bd3 Nb6
28. Be4 Nd5 29. h4 Nb4 $6 (29... Qb7 $5 30. h5 Ra8 $14) 30. Re2 Qa7 31. h5 c5
$6 (31... Qd7 32. Re1 {/\ 33 Rh1->}) (31... Nd5 $16 {Ftacnik}) 32. hxg6 hxg6
33. Qg4 $1 $16 {/\ 34 Bg6, 34 d4-d5, 34 dc} c4 $2 (33... Qd7 $6 34. dxc5 Rxc5
35. Bxg6 (35. Ba3 Qd4) 35... fxg6 36. Qxb4 $16) (33... Kg7 $142 34. d5 (34.
dxc5 Qxc5 35. Ba3 Qd4) 34... Qd7 35. d6 $16) (33... Qb6 {Ftacnik} 34. dxc5 Qxc5
35. Bxg6 fxg6 36. Qxg6+ Bg7 37. Qxe6+ $40) 34. Bxg6 $1 c3 (34... fxg6 35. Qxe6+
Kh7 36. Qxc8 $18) 35. Be4+ Kf8 (35... Bg7 36. Bc1 Kf8 37. d5 $1 $16 {->} Qa1
38. dxe6 Qxc1 39. e7+) 36. Qh4 Bg7 (36... Kg7 37. Qf6+ $18) (36... cxb2 $142
37. Qxh6+ Ke8 38. Rxb2 Qxd4 39. Re2 $16) 37. Bxc3 $1 (37. Bxc3 $1 Rxc3 38. Qd8#
) 1-0

[Event "Sinquefield Cup 4th"]
[Site "Saint Louis"]
[Date "2016.08.13"]
[Round "8"]
[White "Giri, Anish"]
[Black "Svidler, Peter"]
[Result "0-1"]
[WhiteElo "2769"]
[BlackElo "2751"]
[Annotator "Pavlovic,M"]
[PlyCount "168"]
[EventDate "2016.08.05"]
[EventType "tourn"]
[EventRounds "9"]
[EventCountry "USA"]
[EventCategory "22"]
[SourceTitle "CBM 174"]
[Source "ChessBase"]
[SourceDate "2016.09.13"]
[SourceVersion "1"]
[SourceVersionDate "2016.09.13"]
[SourceQuality "1"]

1. d4 Nf6 2. c4 g6 3. g3 c6 4. Nf3 Bg7 5. Bg2 d5 6. Qb3 O-O 7. O-O dxc4 (7...
Qb6 8. Nc3 Rd8 {This is most popular choice here and line that is played a lot.
} {One recent example:} 9. Na4 Qxb3 10. axb3 Na6 11. Bf4 Bg4 12. Rfd1 Ne8 13.
cxd5 cxd5 14. Nc3 Nb4 15. Ne1 Be6 16. h3 h6 17. g4 g5 18. Bg3 h5 19. gxh5 Nf6
20. Nf3 Nxh5 21. Nxg5 Nxg3 22. Nxe6 Nxe2+ 23. Nxe2 fxe6 24. Rac1 Nc6 $11 {
1/2-1/2 (26) Brunello,S (2573)-Areshchenko,A (2667) Gjakova 2016. The position
is around equal.}) 8. Qxc4 Bf5 9. Rd1 (9. Nc3 Nbd7 10. Qb3 Qb6 11. Re1 Qxb3 12.
axb3 Be6 13. b4 Nd5 14. b5 Nb4 15. bxc6 bxc6 16. Ra5 c5 17. Ng5 cxd4 18. Nxe6
fxe6 19. Bxa8 dxc3 20. bxc3 Bxc3 21. Rd1 Rxa8 22. Rxd7 Nd3 23. Ra2 Nxc1 24. Rc2
Nxe2+ 25. Rxe2 a5 26. Rxe6 Bf6 {1/2-1/2 (41) Giri,A (2797)-Vachier Lagrave,M 
(2775) Tbilisi 2015. Almost forced after 16...c5 , White is better, but didn't
manage to win.}) 9... Nbd7 10. Nh4 $5 {A new idea.} Nb6 11. Qb3 Bg4 12. Nc3
Nfd5 13. Nf3 Nxc3 14. bxc3 Qd5 15. Ba3 Rfe8 16. Ne5 $6 (16. Re1 Qb5 17. e4 Be6
18. Qc2 Qa4 19. Qxa4 Nxa4 20. Rec1 Rac8 {with a complicated endgame ahead of
us.}) 16... Qxb3 17. axb3 Bxe2 18. Rd2 Bxe5 19. dxe5 Bg4 20. c4 {White
sacrificed a pawn, but the compensation is not obvious.} a5 21. Bc5 Nd7 22. Bd4
Ra6 {We will see from a later stage that Black could go much faster with his
main plan...} (22... Rec8 23. f4 Be6 24. Bf2 b6 25. Bf3 h5 26. Kg2 Ra7 27. h3
c5 $15) 23. Rda2 Rea8 24. f4 Be6 {The position stabilised, Black can't do much,
but White as well, still a pawn is a pawn...} 25. Bf1 b6 26. Be3 Kf8 27. Ra4 c5
{Obviously any other ideas connected with ...b5 are out of question, so Black
shifts to another plan...} 28. Bg2 Re8 29. Bc6 Ra7 30. Bb5 Rc8 31. Rd1 Rac7 32.
Ra2 Kg7 33. Rad2 Nb8 34. Rd8 Nc6 {Ok, here is the desired position.} 35. Rxc8
Rxc8 36. Rd2 h5 37. Kg2 Bf5 38. h3 f6 39. exf6+ Kxf6 {Opposite coloured
bishops are dangerous for White due to the permanent b3-weakness.} 40. Ba4 Nd8
$1 {Nice idea transferring the knight to d6.} 41. Bd7 Bxd7 42. Rxd7 Ke6 43. Rd1
Nf7 44. g4 hxg4 45. hxg4 Ra8 46. Bf2 Nd6 {It is clear now that Black is
heading to a victory here, ...a4 is in the air and later on the c4-pawn is in
danger, on the other hand White has nothing active to do, but to wait.} 47.
Re1+ Kf7 48. Rh1 a4 49. bxa4 Rxa4 50. Rh7+ Kf8 51. Rh8+ Kg7 52. Rb8 Nxc4 $19 {
The rest is technique.} 53. Kf3 Kf7 54. Bh4 e5 55. f5 gxf5 56. gxf5 Nd6 57.
Rxb6 Rf4+ 58. Ke2 Nxf5 59. Bg5 Ng3+ 60. Ke3 Rg4 61. Bd8 Nf5+ 62. Kf3 Rf4+ 63.
Ke2 Nd4+ 64. Ke3 Ne6 65. Rb7+ Kg6 66. Ba5 Ra4 67. Bc3 Kf6 68. Kd3 Nf4+ 69. Kc2
Nd5 70. Bb2 c4 71. Rd7 Ke6 72. Rh7 c3 73. Rh6+ Kf5 74. Rh5+ Kf6 75. Bxc3 Rc4
76. Kd3 Rxc3+ 77. Ke4 Rc4+ 78. Kxd5 Rd4+ 79. Kc5 Rd1 80. Kc4 e4 81. Kc3 e3 82.
Rh2 Kf5 83. Kc2 Rd8 84. Rh7 Kf4 0-1

[Event "Cap d'Agde op"]
[Site "Cap d'Agde"]
[Date "2012.11.03"]
[Round "9"]
[White "Pelletier, Yannick"]
[Black "Cornette, Matthieu"]
[Result "1-0"]
[WhiteElo "2601"]
[BlackElo "2557"]
[Annotator "Pelletier,Y"]
[PlyCount "59"]
[EventDate "2012.10.27"]
[EventType "swiss"]
[EventRounds "9"]
[EventCountry "FRA"]
[SourceTitle "CBM 151"]
[Source "ChessBase"]
[SourceDate "2012.11.13"]
[SourceVersion "1"]
[SourceVersionDate "2012.11.13"]
[SourceQuality "1"]

1. Nf3 d5 2. g3 g6 3. Bg2 Bg7 4. d4 Nf6 5. O-O O-O 6. c4 c6 7. Nbd2 Bf5 8. b3
Ne4 9. Bb2 Qa5 10. Nxe4 ({Von der gegnerischen Eröffnungswahl überrascht,
entschied ich, die Stellung mit einfachen Mitteln zu behandel. Möglich ist
auch sofort} 10. Qc1) ({oder das häufiger gespielte} 10. a3) 10... Bxe4 11. Qc1
({Im selben Sinne wie später in der Partie war} 11. e3 Nd7 12. Bh3 {[%cal
Gf3g5] möglich.}) 11... Nd7 12. Rd1 e6 13. Bf1 Bxf3 ({Von der Struktur her ist
diese Entscheidung gar nicht schlecht, da Weiß mit den Doppelbauern Mühe haben
wird, dynamisch zu spielen. Aber die Alternative} 13... Rac8 14. Nd2 Bf5 {
war auch gut möglich. Der Bf5 ist nicht wirklich in Gefahr, und Weiß schafft
es nicht rechtzeitig e2-e4 durchzusetzen:} 15. Bg2 e5 $1 $13) 14. exf3 dxc4 $6
{Im Zusammenhang mit dem letzten Zug ist dies gar nicht logisch. Schwarz hat
das Läuferpaar abgegeben, um ein festes Bauernzentrum zu bauen. Aber nun
öffnet er mit diesem Tausch freiwillig die Stellung. Besser war es also, die
Türme im Zentrum aufzustellen und einer Abwartepolitik zu folgen.} 15. bxc4 Nb6
{Das war die schwarze konkrete Idee: der Bb2 soll mit Nb6-a4 verfolgt werden.}
16. Bc3 (16. Rb1 {war eine gute Alternative, da Schwarz auf a2 nicht nehmen
darf:} Qxa2 $2 17. Ba3 $1 $18 {[%cal Gd1d2]}) 16... Qf5 ({Im Fall von} 16...
Qa4 17. Rb1 {geriet die Dame wieder etwas in Gefahr, man sehe} Rfd8 (17... Qxa2
$2 18. Ra1 Qb3 19. Ra3 $18) 18. Rb4 Qa5 (18... Qxa2 {ist jetzt viel weniger
klar, aber ich denke, dass Schwarz nicht genug Kompensation für die Dame nach}
19. Rd2 Qa5 20. Rb5 Qxc3 21. Qxc3 cxb5 22. cxb5 $14 {[%csl Ra7][%cal Gf3f4,
Gf1g2] besitzt}) 19. Rb3 $36 {Nun muss sie zum Königsflügel rüber, was Weiß
freie Hände auf der anderen Seite lässt.}) 17. a4 $1 {Nun wird aber die
schwarze Lage ungemütlich.} c5 $6 (17... Qxf3 $6 {geht nicht gut, da Weiß
seine Initiative leicht entfalten kann. Nach} 18. a5 Nd7 19. a6 $36 {wird c6
unterminiert, wobei} bxa6 $6 20. Bg2 Qe2 21. Bxc6 Rad8 22. Bb4 $16 {zu klarem
weißem Vorteil führt.}) ({Der Computer will sich mittels} 17... Rad8 18. a5 Nc8
$14 {passiv verhalten, aber das kann dem Geschmack eines Menschen kaum
entsprechen.}) 18. dxc5 Bxc3 19. Qxc3 Qxc5 20. a5 Nc8 (20... Nd5 $2 21. Qe5 $18
) 21. Rd7 ({Das Eindringen auf die 7. Reihe ist natürlich, aber im Prinzip
auch logisch war es, hier oder später den Damentausch (} 21. Qd4 {) anzubieten.
Im schwarzen Lager stehen alle Figuren außer der Dame passiv, daher lohnt es
sich, sie zu beseitigen.}) 21... Rb8 ({Genau das sollte Weiß anstreben, falls
der b-Bauer nach vorne rückt:} 21... b6 22. Qa3 $16) ({oder} 21... b5 22. Qe3
Qxe3 23. fxe3 bxc4 24. Rc1 $16) 22. Qf6 $6 ({Eine Ungenauigkeit ohne schlimme
Folgen, die aus einem taktischen Versäumnis herkommt. Stärker war} 22. Rb1 $16)
22... Nd6 23. Qe7 Qe5 $6 ({Schwarz verliert keine Figur, weil er den Ra1
angreifen kann. Genauer war aber der Paradoxzug} 23... Qd4 {. Die Dame bleibt
zwar in einer Fesselung, aber Schwarz entkommt mit einem Endspiel mit
Minusbauern nach} 24. Rb1 Nf5 25. Rxd4 Nxe7 26. Rd7 Nc6 27. Rdxb7 Rxb7 28. Rxb7
$16 {. Die a-Bauern werden bald getauscht, wonach Schwarz ein schwerer Kampf
ums Remis erwartet.}) 24. Rd1 Nf5 25. Qb4 b6 $6 ({Gleicht eigentlich der
Partieaufgabe, da a7 unmöglich zu decken wird. Um f4 zu verhindern, konnte man
noch} 25... g5 {versuchen, auch wenn Weiß nach} 26. Bd3 {auf Gewinn stehen
sollte.}) 26. a6 Qf6 27. f4 ({Sich das Leben mit} 27. Rxa7 Nd4 {schwerer zu
machen, braucht wohl niemand!}) 27... Rbd8 28. Qd2 (28. c5 $18) 28... Rxd7 29.
Qxd7 Qe7 30. g4 {Die Damen werden getauscht und a7 fällt. Daher} 1-0

[Event "Sautron op 15th"]
[Site "Sautron"]
[Date "2015.10.27"]
[Round "5.2"]
[White "Bailet, Pierre"]
[Black "Libiszewski, Fabien"]
[Result "1/2-1/2"]
[WhiteElo "2515"]
[BlackElo "2523"]
[Annotator "RR"]
[PlyCount "51"]
[EventDate "2015.10.24"]
[EventType "swiss"]
[EventRounds "9"]
[EventCountry "FRA"]
[SourceTitle "CBM 169 Extra"]
[Source "ChessBase"]
[SourceDate "2015.12.18"]
[SourceVersion "1"]
[SourceVersionDate "2015.12.18"]
[SourceQuality "1"]
[TimeControl "40/5400+30:1800+30"]
[WhiteClock "0:18:06"]
[BlackClock "0:27:19"]

1. Nf3 {[%emt 0:00:00]} Nf6 {[%emt 0:00:00]} 2. c4 {[%emt 0:00:00]} g6 {
[%emt 0:00:23]} 3. g3 {[%emt 0:00:18]} Bg7 {[%emt 0:01:20]} 4. Bg2 {[%emt 0:00:
22]} c6 {[%emt 0:00:37]} 5. O-O {[%emt 0:01:36]} O-O {[%emt 0:01:14]} 6. b3 $5
{[%emt 0:00:46]} (6. d4) 6... Ne4 {[%emt 0:01:22]} 7. d4 {[%emt 0:00:36]} d5 {
[%emt 0:00:17]} 8. Bb2 {[%emt 0:00:37]} (8. Nbd2) 8... Bf5 {[%emt 0:01:55]} 9.
Nbd2 {[%emt 0:02:41]} (9. Nh4 {[%cal Gh4f5]}) (9. Nfd2 $5) 9... Nd7 {[%emt 0:
00:56]} 10. Nh4 {[%emt 0:06:57]} Nxd2 {[%emt 0:02:04]} 11. Qxd2 {[%emt 0:00:15]
} Be6 {[%emt 0:00:26]} 12. e4 {[%emt 0:03:43]} dxe4 {[%emt 0:00:47]} (12...
dxc4 13. d5 $36) 13. Bxe4 {[%emt 0:00:21]} Bh3 {[%emt 0:01:19]} 14. Rfe1 {
[%emt 0:05:05]} Qc7 {[%emt 0:00:45]} (14... Re8 15. Rad1 Nf6 16. Bf3 Qd7 17.
Ng2 Bg4 18. Qe2 Bxf3 19. Qxf3 Qg4 20. Qxg4 Nxg4 21. h3 Nf6 22. Nf4 Rad8 23. Nd3
Nd7 24. f4 e6 25. Kf2 a5 26. a4 b5 27. Ne5 Bxe5 28. dxe5 Nc5 29. Ke3 bxa4 30.
bxa4 Rb8 31. Bd4 Rb3+ 32. Kd2 Nxa4 33. Kc2 Rb4 34. Rb1 Rxc4+ 35. Kd3 Rb4 36.
Rxb4 axb4 37. Ra1 c5 38. Be3 Ra8 39. Rb1 Nc3 40. Rb3 Rd8+ 41. Kc4 Ne4 42. g4
Kg7 43. g5 Rd2 44. h4 {Vachier Lagrave,M (2758)-Kasimdzhanov,R (2704) Berlin
2015 0-1 (84)}) (14... Nf6 15. Bg2 Bxg2 16. Kxg2 $11 {Georgiev,K (2660)-Shirov,
A (2699) RUS-chT Sochi 2007 (1) 1/2}) 15. Nf3 {[%emt 0:03:45]} (15. Rad1 Bg4
16. f3 Bh3 17. Ng2) 15... Nf6 {[%emt 0:05:15]} 16. Bc2 {[%emt 0:01:14]} Rad8 {
[%emt 0:06:20]} 17. Qe3 $14 {[%emt 0:07:55]} Rfe8 {[%emt 0:02:33]} 18. Ne5 $146
{[%emt 0:15:59]} (18. Bc3 Qc8 19. Rad1 Bf5 20. Bxf5 Qxf5 21. Kg2 Qc8 22. h3 Qc7
23. Qe5 Nd5 24. Qxc7 Nxc7 25. Ba5 Rd7 26. Ne5 Bxe5 27. dxe5 Red8 28. Rxd7 Rxd7
29. Bxc7 Rxc7 30. Rd1 c5 31. g4 a6 32. Kf3 Kg7 33. Ke4 f6 34. Rd8 Kf7 35. Rh8
Kg7 36. Rd8 Kf7 37. Rh8 Kg7 38. Rb8 Kf7 39. Kd5 fxe5 40. Kxe5 b5 41. Kd5 bxc4
42. Kxc4 Rd7 43. Ra8 Rd2 44. Rxa6 Rc2+ 45. Kb5 h5 46. gxh5 gxh5 47. h4 Rxf2 {
Nakamura,H (2783)-Leko,P (2737) London 2012 1/2-1/2 (73)}) 18... Qc8 $5 {
[%emt 0:11:37]} 19. Rad1 {[%emt 0:04:00]} Bf5 $132 {[%emt 0:04:08]} 20. Bxf5 {
[%emt 0:03:25]} Qxf5 {[%emt 0:00:13]} 21. Qf3 {[%emt 0:06:35]} Qxf3 {[%emt 0:
13:56]} 22. Nxf3 {[%emt 0:00:41]} Nd7 {[%emt 0:00:41]} 23. Ba3 {[%emt 0:07:35]}
e6 $11 {[%emt 0:02:49]} 24. Kf1 {[%emt 0:03:32]} Bf8 {[%emt 0:05:31]} 25. Bc1 {
[%emt 0:03:13]} Bg7 {[%emt 0:08:43]} 26. Bg5 {[%emt 0:03:43] Une partie assez
plate} 1/2-1/2

[Event "Poikovsky Karpov 15th"]
[Site "Poikovsky"]
[Date "2014.05.18"]
[Round "7"]
[White "Jakovenko, Dmitrij"]
[Black "Saric, Ivan"]
[Result "1-0"]
[WhiteElo "2730"]
[BlackElo "2666"]
[Annotator "RR"]
[PlyCount "99"]
[EventDate "2014.05.11"]
[EventType "tourn"]
[EventRounds "9"]
[EventCountry "RUS"]
[EventCategory "18"]
[SourceTitle "CBM 161"]
[Source "ChessBase"]
[SourceDate "2014.07.16"]
[SourceVersion "1"]
[SourceVersionDate "2014.07.16"]
[SourceQuality "1"]

1. d4 Nf6 2. c4 g6 3. g3 c6 4. Bg2 d5 5. Nf3 Bg7 6. O-O O-O 7. Qb3 Qb6 8. Nc3
Rd8 9. Rd1 Na6 $2 (9... Bf5) 10. Qxb6 axb6 11. Na4 Nd7 12. cxd5 cxd5 13. Bf4 e6
14. Nc3 Nf6 15. Na4 Nd7 16. Ne5 Bxe5 17. dxe5 Nb4 18. Nc3 Kg7 19. e4 d4 20. Nb5
Nc5 21. Nxd4 Rxd4 22. Rxd4 Nc2 23. Rad1 Nxd4 24. Rxd4 Rxa2 25. h4 Nd7 26. Rc4
Ra1+ 27. Kh2 Ra8 28. Rc7 h6 29. Bf1 Nc5 30. Bb5 Na6 31. Re7 Nc5 32. Rc7 Na6 33.
Re7 Nc5 34. Be3 Ra5 35. b4 Rxb5 36. bxc5 bxc5 37. Rc7 b6 38. Rxc8 Rb4 39. Rb8
Rb5 40. Kg2 Rb4 41. Rb7 Rb5 42. f4 Kg8 43. h5 gxh5 44. Kf3 Rb3 45. f5 b5 46. f6
h4 47. gxh4 b4 48. Rb8+ Kh7 49. Rf8 Kg6 50. Rh8 1-0

[Event "Sautron op 13th"]
[Site "Sautron"]
[Date "2013.10.31"]
[Round "7"]
[White "Ider, Borya"]
[Black "Roiz, Michael"]
[Result "0-1"]
[WhiteElo "2377"]
[BlackElo "2614"]
[Annotator "RR"]
[PlyCount "80"]
[EventDate "2013.10.26"]
[EventType "swiss"]
[EventRounds "9"]
[EventCountry "FRA"]
[SourceTitle "EXT 2014"]
[Source "ChessBase"]
[SourceDate "2013.11.20"]
[SourceVersion "1"]
[SourceVersionDate "2013.11.20"]
[SourceQuality "1"]
[TimeControl "40/5400+30:1800+30"]
[WhiteClock "1:30:00"]
[BlackClock "1:30:00"]

1. d4 {[%emt 0:00:24]} g6 {[%emt 0:00:21]} 2. g3 {[%emt 0:00:30]} Bg7 {[%emt 0:
00:54]} 3. Bg2 {[%emt 0:00:06]} d5 {[%emt 0:06:30]} 4. Nf3 {[%emt 0:01:05]} c6
{[%emt 0:00:37]} 5. O-O {[%emt 0:00:10]} Nf6 {[%emt 0:00:10]} 6. c4 {[%emt 0:
00:06] Transpose dans une Gruenfeld mais l'ordre de coups des Blancs a limité
les options des Noirs} O-O {[%emt 0:00:16]} 7. Qb3 {[%emt 0:00:15]} dxc4 {
[%emt 0:00:12]} 8. Qxc4 {[%emt 0:00:10]} Bf5 {[%emt 0:00:03]} (8... Qd5 9. Nbd2
Qxc4 10. Nxc4 Be6 11. b3 Bd5 12. Ba3 Re8 13. Rac1 Nbd7 14. Na5 Rab8 15. Rfd1
Bf8 16. Ne5 Bxg2 17. Kxg2 e6 18. Bxf8 Kxf8 19. Nec4 Ke7 20. b4 Rec8 21. a3 g5
22. Nb2 Ne8 23. Nd3 f5 24. h4 g4 25. Nf4 Nef6 26. Rc2 Nd5 27. Nd3 Rf8 28. e3
Rfe8 29. Re1 N5f6 30. Rb1 Rec8 31. Rbc1 Rd8 32. a4 Ne4 33. b5 cxb5 34. Rc7 Nd6
35. Nc5 bxa4 36. Ncxb7 Nxb7 37. Nxb7 Rf8 38. R1c6 {Morozevich,A (2736)
-Mamedyarov,S (2761) Beijing 2013 1-0}) 9. Rd1 $6 {[%emt 0:05:54]} (9. Nc3 $142
{Plus souple pour garder l'option de jouer Rd1 ou Re1} Nbd7 10. e3 (10. Re1 Ne4
11. Qb3 Nb6 12. a4 a5 (12... Be6 13. Qc2 Nxc3 14. bxc3 Bc4 15. Nd2 Ba6 16. Nb3
Nd7 17. Ba3 Re8 18. f4 Qc7 19. Rad1 (19. e4 $142 {[%csl Gd4,Ge4,Gf4] Ippolito})
19... Rad8 20. Qb1 b6 21. e4 Bc4 22. Nd2 Ba6 23. e5 Nf8 24. Qe4 Bb7 25. c4 Ba8
26. Qe3 Qc8 27. Ne4 Ne6 28. Bb2 Nc7 29. Qb3 f6 30. exf6 {Ippolito,D (2414)
-Fedorowicz,J (2493) USA-ch GpB San Diego 2006 (8) 1/2}))) (9. Bf4 Nbd7 10. Qc1
) 9... Nbd7 {[%emt 0:00:50]} 10. e3 {[%emt 0:02:37]} e5 $132 {[%emt 0:05:19]}
11. Nc3 {[%emt 0:11:49]} e4 $1 $146 {[%emt 0:04:20]} (11... Qe7 12. Nxe5 Nxe5
13. dxe5 Qxe5 14. e4 Bg4 15. f3 Be6 16. Qe2 Rfd8 17. Be3 Qa5 18. Qf2 Nd7 19. f4
Nb6 20. Bd4 {1/2-1/2 (20) Banusz,T (2583)-Vorobiov,E (2594) Trieste 2012}) 12.
Nd2 {[%emt 0:01:32]} Nb6 {[%emt 0:09:53][%csl Rc4][%cal Gb6c4,Gb6d5]} 13. Qf1 {
[%emt 0:01:10][%csl Rf1] Un coup trés laid mais les Blancs n'ont pas des
bonnes alternatives} Re8 $32 {[%emt 0:00:48][%csl Rc1,Gd5]} 14. h3 {[%emt 0:03:
19]} h5 {[%emt 0:01:06]} 15. b3 {[%emt 0:02:07]} Nbd5 {[%emt 0:02:59]} 16. Nxd5
{[%emt 0:03:11]} (16. Bb2 Nb4) 16... cxd5 {[%emt 0:01:39][%csl Rc2][%cal Ga8c8,
Gc8c2]} (16... Nxd5 $5 {[%cal Gd5b4,Gb4d3]}) 17. Qb5 {[%emt 0:06:50]} Qc8 {
[%emt 0:07:22]} (17... Rc8 $5 18. Qxb7 Bf8 19. Qxa7 $2 Re6 {[%csl Ra7][%cal
Gc8a8]}) 18. Ba3 {[%emt 0:15:01]} a6 {[%emt 0:02:48]} (18... Bxh3 $142 19. Bxh3
Qxh3 20. Qxb7 h4 $40) 19. Qf1 {[%emt 0:00:06]} Qd7 {[%emt 0:01:18]} 20. Rac1 {
[%emt 0:00:36]} Nh7 {[%emt 0:00:54][%csl Rf3,Rh3][%cal Gh7g5]} 21. Rc2 {
[%emt 0:05:12]} Rac8 {[%emt 0:07:32]} 22. Rxc8 {[%emt 0:04:16]} (22. Rdc1)
22... Rxc8 {[%emt 0:00:45]} 23. Rc1 {[%emt 0:02:46]} Re8 {[%emt 0:06:46]} 24.
Rc3 {[%emt 0:01:26]} Bf6 {[%emt 0:00:55]} (24... h4 25. g4 Bxg4 26. hxg4 Qxg4
27. Kh2 {[%cal Gg2h3]} Ng5 $44) 25. b4 $6 {[%emt 0:02:32]} (25. Kh2) 25... Be7
{[%emt 0:12:22]} (25... Rc8 26. Rxc8+ Qxc8 $17) 26. b5 {[%emt 0:05:56]} Bxa3 {
[%emt 0:01:07]} 27. Rxa3 {[%emt 0:00:05]} axb5 {[%emt 0:00:22]} 28. Rb3 {
[%emt 0:00:07]} Ra8 {[%emt 0:01:15]} 29. Qxb5 {[%emt 0:02:51]} Rxa2 {[%emt 0:
03:27]} 30. Nb1 {[%emt 0:11:28]} (30. Qxd7 Bxd7 31. Rxb7 Bc6 32. Rb8+) 30...
Bxh3 {[%emt 0:11:37]} 31. Qxd7 {[%emt 0:08:28]} Bxd7 {[%emt 0:00:32]} 32. Rxb7
{[%emt 0:00:04]} Be6 {[%emt 0:01:07]} 33. Nc3 {[%emt 0:00:54]} Ra3 {[%emt 0:02:
13]} (33... Rc2 $142 {[%csl Rc3]} 34. Na4 Rc1+ 35. Kh2 Nf6 $19 {[%csl Rh2]
[%cal Gf6g4]}) 34. Ne2 $2 {[%emt 0:02:19]} (34. Rc7) 34... Ra1+ {[%emt 0:01:01]
} 35. Kh2 {[%emt 0:00:09]} g5 {[%emt 0:03:48]} 36. Rb2 {[%emt 0:01:30]} Nf6 {
[%emt 0:00:44]} 37. Bh3 {[%emt 0:00:07]} Ng4+ {[%emt 0:02:17]} 38. Kg2 {
[%emt 0:00:05]} Ra3 {[%emt 0:00:09]} 39. Nc1 {[%emt 0:01:10]} Kg7 {[%emt 0:01:
42]} 40. Nb3 {[%emt 0:00:00]} Nxf2 {[%emt 0:00:00]} 0-1